| Tag |
First Indicator |
Second Indicator |
Subfields |
| LEADER |
00000cam a2200000 a 4500 |
| 001 |
in00001088607 |
| 005 |
20150929193545.0 |
| 008 |
920220s1992 enka b 001 0 eng |
| 010 |
|
|
|a 92008876
|
| 015 |
|
|
|a GB93-13777
|
| 019 |
|
|
|a 27811179
|
| 020 |
|
|
|a 052143064X (book)
|
| 020 |
|
|
|a 9780521430647 (book)
|
| 020 |
|
|
|a 0521437210 (example book)
|
| 020 |
|
|
|a 9780521437219 (example book)
|
| 020 |
|
|
|a 0521437172 (diskette)
|
| 020 |
|
|
|a 9780521437172 (diskette)
|
| 020 |
|
|
|a 0521437199 (diskette)
|
| 020 |
|
|
|a 9780521437196 (diskette)
|
| 020 |
|
|
|a 0521437164 (diskette)
|
| 020 |
|
|
|a 9780521437165 (diskette)
|
| 029 |
1 |
|
|a UKM
|b b9313777
|
| 029 |
1 |
|
|a NLGGC
|b 097884782
|
| 029 |
1 |
|
|a YDXCP
|b 464444
|
| 029 |
1 |
|
|a NZ1
|b 5049495
|
| 035 |
|
|
|a (OCoLC)25508507
|z (OCoLC)27811179
|
| 035 |
|
|
|a (OCoLC)ocm25508507
|
| 040 |
|
|
|a DLC
|c DLC
|d UKM
|d MUQ
|d NLGGC
|d BAKER
|d BTCTA
|d YDXCP
|d UtOrBLW
|
| 049 |
|
|
|a TXAM
|
| 050 |
0 |
0 |
|a QA76.73.F25
|b N845 1992
|
| 082 |
0 |
0 |
|a 519.4/0285/53
|2 20
|
| 084 |
|
|
|a 31.76
|2 bcl
|
| 245 |
0 |
0 |
|a Numerical recipes in FORTRAN :
|b the art of scientific computing /
|c William H. Press [and others].
|
| 250 |
|
|
|a 2nd ed.
|
| 264 |
|
1 |
|a Cambridge [England] ;
|a New York, NY, USA :
|b Cambridge University Press,
|c 1992.
|
| 300 |
|
|
|a xxvi, 963 pages :
|b illustrations ;
|c 26 cm.
|
| 336 |
|
|
|a text
|b txt
|2 rdacontent
|
| 337 |
|
|
|a unmediated
|b n
|2 rdamedia
|
| 338 |
|
|
|a volume
|b nc
|2 rdacarrier
|
| 504 |
|
|
|a Includes bibliographical references (pages 916-919) and index.
|
| 650 |
|
0 |
|a FORTRAN (Computer program language)
|
| 650 |
|
0 |
|a Numerical analysis
|x Computer programs.
|
| 650 |
|
0 |
|a Science
|x Mathematics
|x Computer programs.
|
| 650 |
|
6 |
|a Analyse numérique
|x Logiciels.
|
| 650 |
|
6 |
|a Sciences
|x Mathématiques
|x Logiciels.
|
| 650 |
|
6 |
|a Fortran (Langage de programmation)
|
| 650 |
1 |
7 |
|a Numerieke wiskunde.
|2 gtt
|
| 650 |
1 |
7 |
|a FORTRAN.
|2 gtt
|
| 650 |
1 |
7 |
|a Dataprocessing.
|2 gtt
|
| 700 |
1 |
|
|a Press, William H.
|
| 856 |
4 |
1 |
|3 Table of contents
|u http://www.loc.gov/catdir/toc/cam041/92008876.html
|t 0
|
| 856 |
4 |
2 |
|3 Publisher description
|u http://www.loc.gov/catdir/description/cam041/92008876.html
|t 0
|
| 938 |
|
|
|a Baker & Taylor
|b BKTY
|c 39.95
|d 39.95
|i 0521437199
|n 0002126975
|s active
|
| 938 |
|
|
|a Baker and Taylor
|b BTCP
|n 92008876
|
| 938 |
|
|
|a YBP Library Services
|b YANK
|n 464444
|
| 938 |
|
|
|a Baker & Taylor
|b BKTY
|c 39.95
|d 39.95
|i 0521437164
|n 0002126913
|s active
|
| 938 |
|
|
|a Baker & Taylor
|b BKTY
|c 39.95
|d 39.95
|i 0521437172
|n 0002126907
|s active
|
| 938 |
|
|
|a Baker & Taylor
|b BKTY
|c 80.00
|d 80.00
|i 052143064X
|n 0002104203
|s active
|
| 994 |
|
|
|a C0
|b TXA
|
| 999 |
|
|
|a MARS
|
| 999 |
f |
f |
|s 055b67c3-1232-387f-bbe4-1fa5f35a5a45
|i 80e29048-04e3-302f-a372-61cb1e1051af
|t 0
|
| 952 |
f |
f |
|p normal
|a Texas A&M University
|b College Station
|c Sterling C. Evans Library
|s Evans stk
|d Evans: Library Stacks
|t 0
|e QA76.73.F25 N845 1992
|h Library of Congress classification
|i unmediated -- volume
|m A14819107573
|
| 998 |
f |
f |
|a QA76.73.F25 N845 1992
|t 0
|l Evans: Library Stacks
|